=LDR 00000nam 2200000 4500 =001 INLIS000000000038170 =005 20130612143843 =008 ***********************************ind** =035 ##$$0010-061300000038170 =041 ##$$a ind =082 ##$$a 813 =100 ##$$a sekar, dewie =245 ##$$a zona @ last =260 ##$$a gramedia $b jakarta =300 ##$$a 349 hlm =850 ##$$a NBPNMAT